Southville International School and Colleges
Your cart is empty.
  • Cart
  • Lists
    Public lists Eva Luna New books Lux_list list_1
    Your lists Log in to create your own lists
  • Log in to your account
  • Your cookies
  • Search history
Southville International School and Colleges
  • Advanced search
  • Recent comments
  • Most popular
  • Libraries

Log in to your account

Log in with GOOGLE


If you do not have an external account, but do have a local account, you can still log in:

  1. Home
  2. MARC view: Out of Phaze
Normal view MARC view ISBD view

Out of Phaze (Record no. 15303)

[ view plain ]
MARC details
000 -LEADER
fixed length control field 00941cam a2200325 a 4500
001 - CONTROL NUMBER
control field 517442
003 - CONTROL NUMBER IDENTIFIER
control field OSt
005 - DATE AND TIME OF LATEST TRANSACTION
control field 20140310182718.0
008 - FIXED-LENGTH DATA ELEMENTS--GENERAL INFORMATION
fixed length control field 861010s1987 nyu 000 1 eng
010 ## - LIBRARY OF CONGRESS CONTROL NUMBER
LC control number 86025448
020 ## - INTERNATIONAL STANDARD BOOK NUMBER
International Standard Book Number 0399132724
040 ## - CATALOGING SOURCE
Original cataloging agency DLC
Transcribing agency DLC
Modifying agency DLC
-- OCoLC
050 00 - LIBRARY OF CONGRESS CALL NUMBER
Classification number PS 3551
Item number .An628 1987
082 00 - DEWEY DECIMAL CLASSIFICATION NUMBER
Classification number M 813.54
Item number An8 1987
100 1# - MAIN ENTRY--PERSONAL NAME
Personal name Anthony, Piers.
245 10 - TITLE STATEMENT
Title Out of Phaze
Statement of responsibility, etc Anthony, Piers
260 ## - PUBLICATION, DISTRIBUTION, ETC. (IMPRINT)
Place of publication, distribution, etc New York :
Name of publisher, distributor, etc G. P. Putnam's Sons,
Date of publication, distribution, etc c1987.
300 ## - PHYSICAL DESCRIPTION
Extent 288 p. ;
Dimensions 24 cm.
490 1# - SERIES STATEMENT
Series statement The Apprentice Adept series
500 ## - GENERAL NOTE
General note "An Ace/Putnam book."
521 ## - TARGET AUDIENCE NOTE
Target audience note
526 ## - STUDY PROGRAM INFORMATION NOTE
Reading level 120L-1700L
541 ## - IMMEDIATE SOURCE OF ACQUISITION NOTE
-- 1
562 ## - COPY AND VERSION IDENTIFICATION NOTE
Number of copies 1
650 #0 - SUBJECT ADDED ENTRY--TOPICAL TERM
Topical term or geographic name as entry element Apprentice Adept (Fictitious character)
General subdivision Fiction.
655 #7 - INDEX TERM--GENRE/FORM
Genre/form data or focus term Science fiction.
Source of term gsafd
800 1# - SERIES ADDED ENTRY--PERSONAL NAME
Personal name Anthony, Piers.
Title of a work Apprentice Adept series.
906 ## - LOCAL DATA ELEMENT F, LDF (RLIN)
a 7
b cbc
c orignew
d 1
e ocip
f 19
g y-gencatlg
942 ## - ADDED ENTRY ELEMENTS (KOHA)
Source of classification or shelving scheme Library of Congress Classification
Koha item type Books
Call number prefix
Holdings
Withdrawn status Lost status Source of classification or shelving scheme Damaged status Home library Current library Shelving location Date acquired Source of acquisition Total Checkouts Full call number Barcode Date last seen Copy number Price effective from Koha item type
    Library of Congress Classification   Archives Archives   06/08/2013 Donation   PS 3551 .An628 1987 C4402 05/15/2018 1 11/14/2013 Books

Out of Phaze

APA

Anthony P., . (1987). Out of Phaze. New York: G. P. Putnam's Sons.

Chicago

Anthony Piers, . 1987. Out of Phaze. New York: G. P. Putnam's Sons.

Harvard

Anthony P., . (1987). Out of Phaze. New York: G. P. Putnam's Sons.

MLA

Anthony Piers, . Out of Phaze. New York: G. P. Putnam's Sons. 1987.

  • Place hold
  • Print
  • Cite
  • Add to your cart (remove)
  • Save record
    BIBTEX Dublin Core MARCXML MARC (non-Unicode/MARC-8) MARC (Unicode/UTF-8) MARC (Unicode/UTF-8, Standard) MODS (XML) RIS
  • More searches
    Search for this title in:
    Other Libraries (WorldCat) Other Databases (Google Scholar) Online Stores (Bookfinder.com) Open Library (openlibrary.org)

Exporting to Dublin Core...

SOUTHVILLE LIBRARY

Southville International School and Colleges Library

1281 Tropical Ave. Cor. Luxembourg St., BF Homes International, Las Pinas City

Tel. No. 8256374 / 252358 Loc. 117/146

Powered by Koha